00678nam a22001937a 450000500170000001000150001702000270003203500140005903700130007308200100008624501190009626000460021527000690026130000260033050000590035670000210041570000210043670000270045720180831113458.0 aENG-123943 a9780199478866c1395.00 aEN-107475 bDBAD/PUB a820.9 aText and tradition in early modern north india /ced..by Tyler Williams; Anshu Malhotra [and] John Stratton Hawley c2018aNew Delhi bOxford University Press a2/11, Ground Floor, Ansari Road, Daryaganj, bNew Delhi e110002 c22cm(Hb)axlii,448p.  aIt includes about the editors & contributors and index a Williams, Tyler a Malhotra, Anshu a Hawley, John Stratton